[Event "EST-ch"]
[Site "Tallinn"]
[Date "1997.??.??"]
[Round "3"]
[White "Maidla, Vallo"]
[Black "Neff, Sergei"]
[Result "1/2-1/2"]
[WhiteElo "2380"]
[BlackElo "2310"]

1.e4 g6 2.d4 Bg7 3.Nc3 c6 4.Bc4 d5 5.exd5 b5 6.Bb3 b4 7.Nce2 cxd5 8.Bd2 a5
9.a3 bxa3 10.Rxa3 Nc6 11.Ba4 Bd7 12.Nf3 Nh6 13.Qa1 O-O 14.Bxc6 Bxc6 15.Bxa5 Qd7
16.O-O Bb5 17.Re1 Nf5 18.c3 f6 19.Bb4 Rxa3 20.Qxa3 Re8 21.Ng3 Nxg3 22.hxg3 e5
23.dxe5 fxe5 24.Bc5 Qc6 25.b4 Bc4 26.Qa7 Ra8 27.Qe7 Re8 28.Qg5 h6 29.Qd2 g5
30.Qc2 Qa6 31.Qf5 Qf6 32.Qd7 Qf7 33.Qa4 Re6 34.Qa8+ Qe8 35.Ra1 Qxa8 36.Rxa8+ Kf7
37.Ra7+ Kg6 38.g4 e4 39.Bd4 Bf6 40.Bxf6 Kxf6 41.Nd4 Re8 42.Rc7 e3 43.Rc6+ Kf7
44.fxe3 Rxe3 45.b5 Rxc3 46.b6 Rc1+ 47.Kf2 Rb1 48.Rxh6 Ba6 49.Ne6 Rb2+ 50.Kg1 Ke7
51.Nc5 d4 52.Re6+ Kf7 53.Rd6 Ke7 54.Rd7+ Ke8 55.Ra7 d3 56.Nxa6 Rb1+ 57.Kf2 d2
58.Nc7+ Kd8 59.Ne6+ Ke8 60.Nc7+ Kd8 61.Ne6+ Ke8  1/2-1/2

[Event "EU-ch U18"]
[Site "Tallinn"]
[Date "1997.??.??"]
[Round "4"]
[White "Hagara, Eduard"]
[Black "Vedmediuc, Serghei"]
[Result "1/2-1/2"]
[WhiteElo "2165"]
[BlackElo "2265"]

1.e4 g6 2.d4 Bg7 3.Nc3 c6 4.Bc4 d6 5.Nf3 Nf6 6.Bb3 O-O 7.O-O Na6 8.Re1 Bg4
9.h3 Bxf3 10.Qxf3 e5 11.dxe5 dxe5 12.Be3 Qe7 13.Red1 Nc5 14.Bxc5 Qxc5 15.Rd3 Rad8
16.Rad1 Rxd3 17.Qxd3 h5 18.a3 Bh6 19.Na4 Qe7 20.c4 Kg7 21.c5 Bg5 22.Ba2 Rc8
23.b4 Rc7 24.Qc4 Rd7 25.Rxd7 Qxd7 26.Nb2 b5 27.cxb6 axb6 28.Nd3 b5 29.Qb3 Qe7
30.Nc5 Ne8 31.a4 bxa4 32.Qxa4 Qc7 33.Qb3 Nd6 34.Qc3 Nb5 35.Qc4 Nd6  1/2-1/2

[Event "EST-ch"]
[Site "Tallinn"]
[Date "1997.??.??"]
[Round "8"]
[White "Vetemaa, Juri"]
[Black "Neff, Sergei"]
[Result "1-0"]
[WhiteElo "2355"]
[BlackElo "2310"]

1.e4 g6 2.d4 Bg7 3.Nc3 c6 4.Bc4 d6 5.Qf3 e6 6.Nge2 Nd7 7.Bf4 Qe7 8.O-O e5
9.Be3 Ngf6 10.Bb3 O-O 11.Rad1 b5 12.d5 b4 13.dxc6 bxc3 14.cxd7 Bxd7 15.Nxc3 Bg4
16.Nd5 Nxd5 17.Qxg4 Nxe3 18.fxe3 Bh6 19.Rf3 Kg7 20.h4 a5 21.Rdf1 f6 22.Qh3 a4
23.Bd5 Rac8 24.R1f2 a3 25.b3 Rc3 26.g4 g5 27.h5 Qc7 28.Bc4 Rxc4 29.bxc4 Qxc4
30.Qf1 Qxe4 31.Rg3 Rb8 32.Qd3 Qc6 33.Qxa3 Kh8 34.Qd3 e4 35.Qd4 Bg7 36.h6 Bxh6
37.Qxf6+ Bg7 38.Qxg5 Be5 39.Rh3 Bg7 40.Rxh7+ Kxh7 41.Qh5+ Kg8  1-0

[Event "Tampere We TaSY op"]
[Site "Tampere"]
[Date "1997.??.??"]
[Round "2"]
[White "Sorsa, Nuutti"]
[Black "Vetemaa, Juri"]
[Result "0-1"]
[WhiteElo "2270"]
[BlackElo "2355"]

1.e4 g6 2.d4 c6 3.Nc3 Bg7 4.Nf3 d6 5.Be2 Nf6 6.O-O O-O 7.h3 Nbd7 8.Be3 Qc7
9.a4 a5 10.Bc4 Nxe4 11.Nxe4 d5 12.Bxd5 cxd5 13.Nc3 Nb6 14.Nb5 Qc6 15.Ne5 Bxe5
16.dxe5 Nxa4 17.Rxa4 Qxb5 18.b3 Bf5 19.Bd4 Rfc8 20.c3 Qd7 21.Qd2 Qb5 22.Ra2 a4
23.b4 Rc4 24.Kh2 Rac8 25.Re1 Qd7 26.Re3 Be6 27.Kg1 Qd8 28.Ra1 Qf8 29.Rae1 Qh6
30.Qd1 Qh4 31.g4 h5 32.Rg3 hxg4 33.hxg4 Kg7 34.Kg2 Rh8 35.Rh1  0-1

[Event "Tanta op"]
[Site "Tanta"]
[Date "1997.??.??"]
[Round "4"]
[White "Tissir, Mohamed"]
[Black "Saud, Mohamed"]
[Result "1-0"]
[WhiteElo "2365"]
[BlackElo "2190"]

1.e4 g6 2.d4 Bg7 3.Nc3 c6 4.Bc4 d6 5.Qf3 e6 6.Nge2 Nf6 7.Bg5 Nbd7 8.g4 Qa5
9.Bd2 Qc7 10.Bb3 a5 11.a4 Nb6 12.g5 Nh5 13.d5 O-O 14.Ng3 Nxg3 15.hxg3 cxd5
16.exd5 Qe7 17.Kf1 Nxd5 18.Bxd5 exd5 19.Nxd5 Qe5 20.Re1 Bg4 21.Qb3 Qxb2 22.Qxb2 Bxb2
23.c3 h5 24.gxh6 Bf3 25.Nf6+ Kh8 26.Rh3 Rac8 27.Re3 Bc6 28.f4 Bxa4 29.g4 Bb5+
30.Kg2 a4 31.Re7 Bc4 32.f5 gxf5 33.g5 Rg8 34.Nxg8 Rxg8 35.h7 Rd8 36.g6 Bd5+
37.Kf2 Kg7 38.gxf7 Bxf7 39.Rg3+ Kf6 40.Bg5+ Kg7 41.Bh4+ Kxh7 42.Rxf7+ Kh6
43.Bg5+  1-0

[Event "Tatry op"]
[Site "Tatranska Lomnica"]
[Date "1997.??.??"]
[Round "5"]
[White "Novak, Ivan"]
[Black "Karlik, Vladimir"]
[Result "1/2-1/2"]
[WhiteElo "2345"]
[BlackElo "2360"]

1.e4 g6 2.d4 Bg7 3.Nc3 c6 4.Nf3 d6 5.Be2 Nf6 6.O-O O-O 7.Re1 Qc7 8.h3 Nbd7
9.a4 e5 10.dxe5 dxe5 11.Be3 Rd8 12.Nd2 Nf8 13.Bc4 Ne6 14.Qb1 Nh5 15.Ne2 Nhf4
16.c3 Qe7 17.Nf3 Qf6 18.h4 Nxe2+ 19.Rxe2 Nf4 20.Bxf4 Qxf4 21.Ng5 Rf8 22.Re3 Bg4
23.g3 Qf6 24.Kg2 Bh6 25.f3 Bxg5 26.hxg5 Qxg5 27.Rd3 Be6 28.Bxe6 fxe6 29.Qa2 Qf6
30.Rad1 Rf7 31.Qc4 Raf8  1/2-1/2

[Event "Tatry op"]
[Site "Tatranska Lomnica"]
[Date "1997.??.??"]
[Round "9"]
[White "Majzlan, Igor"]
[Black "Karlik, Vladimir"]
[Result "0-1"]
[WhiteElo "2170"]
[BlackElo "2360"]

1.e4 g6 2.d4 Bg7 3.Nc3 c6 4.f4 d5 5.e5 Nh6 6.Nf3 Bg4 7.h3 Bxf3 8.Qxf3 f6
9.Be3 O-O 10.exf6 exf6 11.O-O-O Nd7 12.g4 f5 13.g5 Nf7 14.h4 Re8 15.h5 Nd6
16.hxg6 hxg6 17.Bd3 Re6 18.Bf2 Qa5 19.Kb1 Rae8 20.Ne2 b5 21.Be1 Qb6 22.Bd2 Ne4
23.Bc1 b4 24.Ng3 c5 25.dxc5 Ndxc5 26.Bf1 Qc6 27.Ne2 d4 28.Ka1 Rd6 29.Ng3 Nxg3
30.Bc4+ Kf8 31.Qxg3 Ne4 32.Qb3 Nf2 33.Bg8 Re7 34.Rde1 Nxh1 35.Rxe7 Kxe7 36.Qf7+ Kd8
37.Qxg7 Qxc2 38.Qf8+ Kd7 39.Qf7+ Kc6 40.Qe8+ Kb6 41.Qe1 Rc6 42.Bd2 Qe4 43.Qg1 Ng3
44.a3 Ne2 45.Qd1 Qd3 46.Qe1 bxa3 47.Ba5+ Ka6 48.b3  0-1

[Event "Toscolano op"]
[Site "Toscolano"]
[Date "1997.??.??"]
[Round "?"]
[White "Samaritani, Fabio"]
[Black "Di Lazzaro, Gabriele"]
[Result "1-0"]
[WhiteElo "2220"]
[BlackElo "2095"]

1.e4 g6 2.d4 Bg7 3.Nc3 c6 4.Be3 d6 5.Qd2 Nd7 6.Nf3 Qc7 7.Bc4 e6 8.a4 Ngf6
9.Bh6 O-O 10.h4 Nxe4 11.Nxe4 d5 12.h5 dxe4 13.hxg6 exf3 14.gxh7+ Kh8 15.Bxg7+ Kxg7
16.h8=Q+ Rxh8 17.Qg5+  1-0

[Event "Jarleslaget op"]
[Site "Trondheim"]
[Date "1997.??.??"]
[Round "9"]
[White "Hagesaether, Halvard"]
[Black "Ivanov, Mikhail M"]
[Result "0-1"]
[WhiteElo "2255"]
[BlackElo "2445"]

1.e4 g6 2.d4 Bg7 3.Nc3 c6 4.Bc4 d6 5.Qf3 e6 6.Bf4 Qe7 7.h4 Nd7 8.Qg3 e5 9.Bg5 Ngf6
10.O-O-O b5 11.dxe5 dxe5 12.Bxb5 cxb5 13.Nd5 Qc5 14.Bxf6 Bxf6 15.Nf3 Bb7
16.Nxf6+ Nxf6 17.h5 Rc8 18.c3 Nxe4 19.Qh4 Qxf2 20.Qh3 Qe3+ 21.Kb1 Nxc3+ 22.bxc3 Be4+
23.Ka1 Qxc3+  0-1

[Event "ROM-chT"]
[Site "Tusnad"]
[Date "1997.??.??"]
[Round "?"]
[White "Sofronie, Iulian"]
[Black "Iordachescu, Viorel"]
[Result "1/2-1/2"]
[WhiteElo "2415"]
[BlackElo "2485"]

1.e4 g6 2.d4 Bg7 3.Nc3 c6 4.Nf3 d6 5.a4 Nf6 6.Be2 O-O 7.O-O Nbd7 8.h3 e5
9.dxe5 dxe5 10.Be3 Qe7 11.Qd3 Nh5 12.Rfd1 Nf4 13.Qd6 Qxd6 14.Rxd6 Nxe2+ 15.Nxe2 Nf6
16.Nc3 Be6 17.Ng5  1/2-1/2

[Event "ROM-chT"]
[Site "Tusnad"]
[Date "1997.??.??"]
[Round "?"]
[White "Vajda, Levente"]
[Black "Nanu, Ciprian"]
[Result "1/2-1/2"]
[WhiteElo "2435"]
[BlackElo "2340"]

1.e4 g6 2.d4 Bg7 3.Nc3 c6 4.Bc4 d5 5.exd5 b5 6.Bb3 b4 7.Nce2 cxd5 8.a3 bxa3
9.Rxa3 Nf6 10.Nf4 O-O 11.Nge2 Nc6 12.c3 Na5 13.Bc2 Nc4 14.Ra2 a5 15.O-O Ba6
16.Re1 e6 17.Nd3 Qb6 18.Nc5 Rfc8 19.Nxa6 Rxa6 20.Nf4 Ra7 21.Nd3 Ne4 22.f3 Nf6
23.Kh1 Nd7 24.Bf4 Bf8 25.Qe2 Bd6 26.Bxd6 Qxd6 27.Rea1 Rca8 28.Ba4 Ncb6 29.Bb5 Qc7
30.Qd2 Nc4 31.Qe2 Ncb6 32.g3 a4 33.Nb4 a3 34.bxa3 Qxc3 35.Qd3 Na4 36.Qd1 Nb2
37.Qe2 Rxa3 38.Rxa3 Rxa3 39.Rb1 Qxb4 40.Rxb2 Qd6 41.Bxd7 Qxd7 42.Qe5 Ra8
43.g4 Rc8 44.Rb8 Rxb8 45.Qxb8+ Kg7 46.g5 Qe7 47.Qf4 f6 48.h4 Kf7 49.Qg3 Kg7
50.Kg2 h6 51.gxf6+ Kxf6 52.Qe5+ Kf7 53.Qf4+ Kg7 54.Qe5+ Kh7 55.Kh3 g5 56.h5 Qe8
57.Kg2 Qf7 58.Qd6 Kg8 59.Qb8+ Qf8 60.Qc7 Qa8 61.Qe5 Qc8 62.Qf6 Qc2+ 63.Kg3 Qf5
64.Qxh6 Kf7 65.Qh8 Qf4+ 66.Kg2 Qd2+ 67.Kh3 Qf4 68.Kg2  1/2-1/2

[Event "ROM-chT"]
[Site "Tusnad"]
[Date "1997.??.??"]
[Round "?"]
[White "Popescu, Dan"]
[Black "Mozes, Ervin"]
[Result "1/2-1/2"]
[WhiteElo "2250"]
[BlackElo "2370"]

1.e4 g6 2.Nc3 c6 3.d4 Bg7 4.f4 d6 5.Nf3 b5 6.e5 Nh6 7.Bd3 Na6 8.O-O Nc7 9.Ne4 Bf5
10.c3 Qd7 11.Nh4 Be6 12.Qe2 Bg4 13.Qe1 O-O 14.Ng5 Bf5 15.Qg3 f6 16.exf6 Rxf6
17.Nxf5 gxf5 18.c4 Nf7 19.Nxf7 Rxf7 20.Be3 Kh8 21.Rad1 a6  1/2-1/2

[Event "JUG Cup"]
[Site "Ulcinj"]
[Date "1997.??.??"]
[Round "?"]
[White "Rajevic, Gavrilo"]
[Black "Marinkovic, Ivan"]
[Result "0-1"]
[WhiteElo "2275"]
[BlackElo "2495"]

1.e4 g6 2.d4 Bg7 3.Nc3 c6 4.Nf3 d5 5.h3 Nh6 6.Bd3 O-O 7.O-O f6 8.Re1 Nf7
9.Bf1 e6 10.a4 a5 11.Be3 b6 12.Qd2 Ba6 13.Bxa6 Nxa6 14.Rad1 Qd7 15.b3 Rfe8
16.Qe2 Qb7 17.Bc1 Nc7 18.h4 Qa6 19.Rd3 f5 20.e5 h5 21.Ba3 b5 22.Bd6 Rec8
23.Ng5 Nxg5 24.hxg5 Kf7 25.f3 b4 26.Nd1 Qb7 27.Nf2 h4 28.f4 Na6 29.Rh3 c5
30.dxc5 Nxc5 31.Rxh4 Ne4 32.Nxe4 dxe4 33.g4 Rc3 34.gxf5 exf5 35.Qh2 Rac8
36.Re2 Qb6+ 37.Kh1 Qd4 38.Rd2 Qe3 39.Rg2 Rxc2 40.Qg3 Qxg3 41.Rxg3 Rb2 42.Rh2 Rc1+
43.Rg1 Rxg1+ 44.Kxg1 Rxb3 45.Rc2 Rc3 46.Rxc3 bxc3 47.Kf2 c2 48.Ba3 Bf8 49.Bb2 Bb4  0-1

[Event "Villa Ballester op"]
[Site "Villa Ballester"]
[Date "1997.??.??"]
[Round "7"]
[White "Moreno, Javier"]
[Black "Fulgenzi, Ernesto"]
[Result "1-0"]
[WhiteElo "2370"]
[BlackElo "2295"]

1.e4 g6 2.d4 Bg7 3.Nc3 c6 4.f4 d5 5.e5 h5 6.Nf3 Bg4 7.h3 Bxf3 8.Qxf3 e6 9.Bd3 h4
10.O-O Nd7 11.Ne2 Nh6 12.b3 Bf8 13.c4 Be7 14.Bd2 Kf8 15.Kh2 Nf5 16.Rac1 Qb6
17.Rc2 Nxd4 18.Nxd4 Qxd4 19.Bc3 Qb6 20.f5 d4 21.fxg6 Nxe5 22.Qf4 c5 23.Re2 f6
24.Rxe5 Kg7 25.Ba5 Qa6 26.Kh1 Raf8 27.Re2 e5 28.Rxe5 Bd6 29.Qg4 Qc6 30.Re6  1-0

[Event "Oberliga Wuert9697"]
[Site "Wuerttemberg"]
[Date "1997.??.??"]
[Round "?"]
[White "Holler, Martin"]
[Black "Gabriel, Josef"]
[Result "1-0"]
[WhiteElo "2135"]
[BlackElo "2195"]

1.e4 g6 2.d4 Bg7 3.Nc3 c6 4.Be3 d6 5.Qd2 b5 6.f3 a6 7.g4 Nf6 8.Nge2 O-O 9.Bh6 Bxh6
10.Qxh6 e5 11.dxe5 dxe5 12.h4 Ra7 13.h5 Qa5 14.Bh3 Qb4 15.g5 Nxh5 16.Bg4 Bxg4
17.fxg4 Qxb2 18.Rc1 Nd7 19.gxh5 Nc5 20.O-O Re8 21.Rf6 Ne6 22.Rcf1 Qxc2 23.hxg6 hxg6
24.R1f3 Qd2 25.Rxe6 Qe1+ 26.Kg2  1-0

[Event "Wuerzburg op"]
[Site "Wuerzburg"]
[Date "1997.??.??"]
[Round "3"]
[White "Werner, Veronika"]
[Black "Ivanov, Mikhail M"]
[Result "1/2-1/2"]
[WhiteElo "2180"]
[BlackElo "2500"]

1.e4 g6 2.d4 Bg7 3.Nc3 c6 4.Nf3 d6 5.a4 Nf6 6.h3 O-O 7.Be3 Qa5 8.Bd3 c5 9.O-O cxd4
10.Nxd4 Nc6 11.Nb3 Qd8 12.Be2 Bd7 13.f4 Rc8 14.Bf3 Be6 15.Nd5 b6 16.c3 Nd7
17.Qe2 Nc5 18.Nxc5 bxc5 19.Rfd1 Rb8 20.e5 Qa5 21.exd6 exd6 22.Rd2 Rfc8 23.Bf2 Re8
24.Qd1 Qd8 25.Ne3 Bb3 26.Qf1 Na5 27.Qd3 Rb6 28.Bd5 Bh6 29.g3 Bg7 30.Nc4 Bxc4
31.Bxc4 Nxc4 32.Qxc4 Qb8 33.Rb1 a5 34.Qd3 Qc8 35.Kh2 Qc6 36.b3 Rxb3 37.Rxb3 c4
38.Qb1 cxb3 39.Qxb3 Qf3 40.Qb5 Rc8 41.Qxa5 h5 42.Qd5 Qxc3 43.h4 Rc4 44.Qxd6 Rxa4
45.Qd3 Qb4 46.Qd6 Qb1 47.Qd3 Qb7 48.Qd5 Qa6 49.Qd6 Qxd6 50.Rxd6 Ra2 51.Kg2 Bc3
52.Kf3 Kg7 53.Bd4+ Bxd4 54.Rxd4 Ra3+ 55.Kf2 Kf6 56.Rd5  1/2-1/2

[Event "Wuerzburg op"]
[Site "Wuerzburg"]
[Date "1997.??.??"]
[Round "5"]
[White "Kuhn, Norbert"]
[Black "Pfleger, Michael"]
[Result "1-0"]
[WhiteElo "2110"]
[BlackElo "2235"]

1.e4 g6 2.d4 Bg7 3.Nc3 c6 4.Bc4 b5 5.Bb3 a5 6.a3 e6 7.Nf3 Ba6 8.O-O Ne7 9.Re1 O-O
10.Bf4 d5 11.Qd2 Nd7 12.Rad1 Nf6 13.Bh6 Re8 14.Bxg7 Kxg7 15.e5 Nd7 16.Ne2 Nf5
17.c3 Nh4 18.Nxh4 Qxh4 19.Nf4 c5 20.g3 Qe7 21.Re3 Nb6 22.g4 Nc4 23.Bxc4 dxc4
24.Rh3 Kg8 25.d5 Qg5 26.Kf1 Rad8 27.Nh5 Qxe5 28.Qh6 Qh8 29.Rf3 f5 30.gxf5 exf5
31.Qg5 Rf8 32.Re3 Bc8 33.Re7 Rd7 34.Rde1 b4 35.Rxd7 Bxd7 36.Re7 bxa3 37.bxa3 Bc8
38.Qh6 Rd8 39.Rg7+  1-0

[Event "Wuerzburg op"]
[Site "Wuerzburg"]
[Date "1997.??.??"]
[Round "7"]
[White "Siepelt, Heiner"]
[Black "Ivanov, Mikhail M"]
[Result "0-1"]
[WhiteElo "2340"]
[BlackElo "2500"]

1.e4 g6 2.d4 Bg7 3.Nc3 c6 4.h3 d6 5.a4 Nf6 6.g3 O-O 7.Bg2 Bd7 8.Nge2 Qc8
9.g4 e5 10.Be3 h5 11.g5 Nh7 12.h4 Na6 13.Qd2 Nc7 14.f4 Re8 15.O-O-O Bg4 16.Rdf1 b5
17.Ng3 bxa4 18.fxe5 a3 19.bxa3 dxe5 20.d5 Qa6 21.a4 Bf8 22.Qf2 Qc4 23.Qxf7+ Kh8
24.Nb1 Na6 25.d6 Re6 26.Bf3 Nb4 27.Rh2 Na2+ 28.Kb2 Rb8+ 29.Ka1 Qxa4 30.Qxa7 Qb4
31.Qxa2 Ree8 32.c3 Qxd6 33.Bxg4 Ra8 34.Ba7 Re7 35.Rxf8+ Nxf8  0-1

[Event "Rishon Le Ziyyon 9798"]
[Site "Rishon Le Ziyyon"]
[Date "1998.01.01"]
[Round "8"]
[White "Ribshtein, Nati"]
[Black "Kataev, Simcho"]
[Result "1-0"]
[WhiteElo "2335"]
[BlackElo "2310"]

1.e4 g6 2.d4 Bg7 3.Nc3 c6 4.Bc4 e6 5.Nf3 d5 6.Bd3 Nd7 7.e5 c5 8.Nb5 cxd4
9.Bf4 Ne7 10.Nd6+ Kf8 11.Ng5 Nxe5 12.Bxe5 Bxe5 13.Ndxf7 Qa5+ 14.Kf1 Bf6 15.Qf3 Bxg5
16.Nxh8+ Ke8 17.h4 Bd2 18.Qf7+ Kd8 19.Qxh7 Bd7 20.Nxg6 Nxg6 21.Qxg6 Kc7 22.Qg3+ Kc6
23.h5 Rf8 24.Qg7 Qd8 25.Qxd4 Ba5 26.c4 Kc7 27.b4 Bxb4 28.cxd5 Bd6 29.Rc1+ Kb8
30.dxe6 Bxe6 31.h6 Rf4 32.Qe3 Bd5 33.h7 Rf8 34.Re1 Bc6 35.Qd4 Rh8 36.Re6  1-0

[Event "NLD-sf"]
[Site "Enschede"]
[Date "1998.01.03"]
[Round "1"]
[White "Bark, Eric"]
[Black "Hartoch, Robert G"]
[Result "1/2-1/2"]
[WhiteElo "2210"]
[BlackElo "2320"]

1.e4 g6 2.d4 Bg7 3.Nc3 c6 4.Be3 d5 5.e5 f6 6.f4 Nh6 7.Nf3 O-O 8.Be2 Bg4 9.Qd2 Nd7
10.O-O-O Nf5 11.Ng5 fxg5 12.Bxg4 Nb6 13.b3 gxf4 14.Bxf4 e6 15.h4 Qe7 16.h5 Qa3+
17.Kb1 a5 18.hxg6 hxg6 19.Bxf5 Rxf5 20.g4 Nc4 21.bxc4 Qb4+ 22.Kc1 Qa3+ 23.Kb1 Qb4+
24.Kc1 Qa3+ 25.Kb1 Qb4+  1/2-1/2

[Event "NLD-sf"]
[Site "Enschede"]
[Date "1998.01.05"]
[Round "3"]
[White "Visser, Yge"]
[Black "Hartoch, Robert G"]
[Result "1/2-1/2"]
[WhiteElo "2360"]
[BlackElo "2320"]

1.e4 g6 2.d4 Bg7 3.Nc3 c6 4.Nf3 d6 5.a4 Nf6 6.h3 O-O 7.Be3 a5 8.g3 d5 9.e5 Ne8
10.Bg2 f6 11.O-O Nd7 12.exf6 exf6 13.Qc1 Rf7 14.Bh6 Nf8 15.Bxg7 Nxg7 16.Re1 Qd6
17.Nd1 Be6 18.Ne3  1/2-1/2

[Event "Ano Liosia op"]
[Site "Athens"]
[Date "1998.01.08"]
[Round "6"]
[White "Cela, Altin"]
[Black "Nevednichy, Vladislav"]
[Result "1/2-1/2"]
[WhiteElo "2445"]
[BlackElo "2550"]

1.e4 g6 2.d4 Bg7 3.Nc3 c6 4.f4 d5 5.e5 Nh6 6.Nf3 f6 7.Be3 Bg4 8.Be2 O-O 9.O-O Nf5
10.Bf2 Bxf3 11.Bxf3 fxe5 12.fxe5 Bh6 13.Qd3 e6 14.Ne2 Nd7 15.g4 Qg5 16.h3 Rf7
17.Bg2 Ne7 18.Bg3 Qe3+ 19.Qxe3 Bxe3+ 20.Kh2 Raf8 21.Rxf7 Rxf7 22.Rd1 g5 23.Rd3 Bf2
24.Bxf2 Rxf2 25.Re3 Ng6 26.Kg3 Rf8 27.Rf3 a5 28.Rxf8+ Kxf8 29.Ng1 h6 30.Nf3 c5
31.c3 c4 32.Bf1 b5 33.Nd2 Nb6 34.Nb1 b4 35.Kf2 Na4 36.cxb4 axb4 37.b3 Nb2
38.bxc4 dxc4 39.Nd2 c3 40.Nb3 Nf4 41.Ke1 Ke7 42.Nc5 Nd5 43.Bb5 Ne3 44.Ke2 Ng2
45.Na6 Nf4+ 46.Ke1 Nd5 47.Ke2 Kf7 48.Ke1 Ke7 49.Ke2 Nf4+ 50.Ke1 b3 51.axb3 Ng2+
52.Ke2 Nf4+ 53.Ke1 Ng2+ 54.Ke2 Nf4+  1/2-1/2

[Event "CZE-chT 9798"]
[Site "CZE"]
[Date "1998.01.17"]
[Round "5"]
[White "Voloshin, Leonid"]
[Black "Vokac, Marek"]
[Result "1/2-1/2"]
[WhiteElo "2420"]
[BlackElo "2510"]

1.d4 g6 2.e4 Bg7 3.Nc3 c6 4.Nf3 d6 5.a4 Nf6 6.h3 O-O 7.Be2 a5 8.O-O Na6 9.Re1 Nb4
10.Bg5 d5 11.Bf1 dxe4 12.Nxe4 Bf5 13.Bxf6 exf6 14.c3 Nd5 15.Qb3 Qc7 16.Ng3 Be6
17.Qc2 Rad8 18.Rad1 Bh6 19.Ne4 Bg7 20.Ng3 Bh6 21.Ne4  1/2-1/2

[Event "CZE-chT 9798"]
[Site "CZE"]
[Date "1998.01.17"]
[Round "5"]
[White "Simacek, Pavel"]
[Black "Karlik, Vladimir"]
[Result "1/2-1/2"]
[WhiteElo "2320"]
[BlackElo "2320"]

1.e4 g6 2.d4 Bg7 3.Nc3 c6 4.Be2 d5 5.e5 f6 6.f4 Nh6 7.Nf3 Bg4 8.O-O O-O 9.h3 Bxf3
10.Bxf3 fxe5 11.fxe5 e6 12.Ne2 Nd7 13.b3 Nf5 14.Qd3 Qb6 15.Kh1 c5 16.c3 Rac8
17.Bg5 h6 18.Bd2 cxd4 19.cxd4 Qa6 20.Qxa6 bxa6 21.Bb4 Rfe8 22.Rfc1 h5 23.g3 Bh6
24.Rc3 Rxc3 25.Bxc3 Rc8 26.Kh2 Ne3 27.g4 h4 28.Kg1 Nc2 29.Rd1 Rf8 30.Rd3 Be3+
31.Kg2  1/2-1/2

[Event "Anibal op 5th"]
[Site "Linares"]
[Date "1998.01.29"]
[Round "10"]
[White "Dimitrov, Vladimir"]
[Black "Kasimdzhanov, Rustam"]
[Result "0-1"]
[WhiteElo "2450"]
[BlackElo "2565"]

1.e4 g6 2.d4 Bg7 3.Nc3 c6 4.f4 Qb6 5.Nf3 d6 6.Bc4 Nh6 7.h3 d5 8.Bb3 dxe4
9.Nxe4 Nf5 10.c3 O-O 11.Ne5 Nd6 12.Qe2 Nxe4 13.Qxe4 Nd7 14.Nxd7 Bxd7 15.Be3 a5
16.Qc2 a4 17.Bc4 Bf5 18.Qe2 Qd8 19.a3 b5 20.Ba2 Qd7 21.Rd1 Be6 22.Bb1 Bc4
23.Qg4 Be6 24.Qe2 Qd5 25.O-O Bf5 26.Bxf5 gxf5 27.Qf3 Rad8 28.Qxd5 Rxd5 29.Rde1 h5
30.Re2 Rfd8 31.Kf2 e6 32.Kf3 h4 33.Bf2 Bf6 34.Rc1 Rb8 35.Be3 Rd7 36.Rd2 Kh7
37.Rf1 Rg8 38.Bf2 Rgd8 39.Rfd1 Rb8 40.Be3 Kh6 41.Bf2 Kh5 42.Rd3 Rd5 43.R3d2 Be7
44.Be3 Bf6 45.Bf2 Kh6 46.Be3 Kg7 47.Rg1 Kf8 48.Ke2 Ke7 49.Kd1 Rdd8 50.Kc2 Kd6
51.Bf2 Rg8 52.Kd3 Kd5 53.Re2 Rg6  0-1

[Event "Calcutta Goodricke op"]
[Site "Calcutta"]
[Date "1998.02.07"]
[Round "2"]
[White "Konguveel, Ponnuswamy"]
[Black "Ranola, Yves"]
[Result "0-1"]
[WhiteElo "2430"]
[BlackElo "2340"]

1.e4 g6 2.d4 Bg7 3.Nc3 c6 4.Bc4 d6 5.Qf3 e6 6.Nge2 Nd7 7.a4 Ngf6 8.h4 e5
9.d5 Nb6 10.Bb3 Bg4 11.Qd3 cxd5 12.a5 Nbd7 13.Bxd5 Nc5 14.Qb5+ Bd7 15.Qb4 O-O
16.Bg5 Nxd5 17.Nxd5 f6 18.Be3 Rc8 19.h5 f5 20.hxg6 hxg6 21.exf5 Bxf5 22.Nec3 Bxc2
23.Bxc5 Rxc5 24.Qxb7 Rf7 25.Qb4 Bd3 26.Qg4 Qc8 27.Qxc8+ Rxc8 28.f3 Bc4 29.Ne3 Rb7
30.O-O-O Ba2 31.Nc2 e4 32.Nd4 Bxd4 33.Rxd4 Rxc3+ 34.bxc3 Rb1+ 35.Kc2 Rxh1
36.Rxd6 exf3 37.gxf3 Bb1+ 38.Kb2 Bf5 39.Ra6 Rb1+ 40.Ka2 Rb7 41.Rd6 Kf7 42.Ka3 Be6
43.f4 Rb3+ 44.Ka4 Rxc3 45.Kb5 Ke7 46.Rd2 Rb3+ 47.Ka6 Rb4 48.Kxa7 Rxf4 49.a6 Rb4
50.Ka8 Bf5 51.Re2+ Kf6 52.Rf2 g5 53.a7 Rb5 54.Rf4 Re5 55.Rb4 Be4+ 56.Kb8 Re8+
57.Kc7 Kf5 58.Rb8 Re7+ 59.Kb6 g4 60.Ka6 g3 61.Rb5+ Kf4 62.Rb4 Rxa7+  0-1

[Event "CZE-chT 9798"]
[Site "CZE"]
[Date "1998.02.08"]
[Round "7"]
[White "Rybak, Milan"]
[Black "Karlik, Vladimir"]
[Result "0-1"]
[WhiteElo "2280"]
[BlackElo "2320"]

1.e4 g6 2.d4 Bg7 3.Nc3 c6 4.f4 d5 5.e5 Nh6 6.Be3 Ng4 7.Qd2 c5 8.Nf3 Nc6 9.Bb5 cxd4
10.Nxd4 Bd7 11.Nb3 Nxe3 12.Qxe3 e6 13.a3 O-O 14.O-O f6 15.Bxc6 Bxc6 16.Nd4 Qb6
17.Rfe1 fxe5 18.fxe5 Bd7 19.Rad1 Rac8 20.Nce2 Rf7 21.c3 Qxb2 22.Rb1 Qxa3
23.Rxb7 Qc5 24.Qh3 Re8 25.Qg3 Ref8 26.h4 a5 27.Kh2 a4 28.h5 gxh5 29.Nf4 h4
30.Qg5 Qxc3 31.Nf3 Rxf4 32.Rxd7 R4f7 33.Rxf7 Rxf7 34.Rb1 Qc7 35.Rc1 Qb8 36.Kh3 a3
37.Qg4 Re7 38.Qxh4 Re8 39.Qa4 Qa8 40.Qd7 Qd8 41.Qa7 Bf8 42.Qa4 Qe7 43.Rc3 Qf7
44.Rc7 Qxc7 45.Qxe8 Qf7 46.Qa8 d4 47.Kg3 d3 48.Kf2 Qd7 49.Ke3 Qd5 50.Qa4 d2
51.Qg4+ Kh8 52.Ng5 Bc5+ 53.Kf4 Qd4+  0-1

[Event "Calcutta Goodricke op"]
[Site "Calcutta"]
[Date "1998.02.10"]
[Round "5"]
[White "Berelovich, Aleksandar"]
[Black "Ranola, Yves"]
[Result "1-0"]
[WhiteElo "2515"]
[BlackElo "2340"]

1.e4 g6 2.d4 Bg7 3.Nc3 c6 4.f4 d5 5.e5 h5 6.Be3 Nh6 7.Qd2 Bf5 8.Nf3 e6 9.h3 Bf8
10.Ng5 Nd7 11.Be2 h4 12.Bf2 Ng8 13.O-O Be7 14.a3 a5 15.b3 Kf8 16.Na4 b5 17.Nb2 Kg7
18.a4 b4 19.Nd3 c5 20.Nxc5 Nxc5 21.dxc5 Rc8 22.Bd3 Bxc5 23.Bxf5 gxf5 24.Bxc5 Rxc5
25.Nf3 Qc8 26.Nd4 Ne7 27.Qf2 Rc3 28.Rad1 Ng6 29.Rd2 Qc5 30.Rd3 Rc8 31.Rfd1 Kh7
32.R1d2 Qf8 33.Rxc3 Rxc3 34.Ne2 Rc8 35.Qf3 Kg8 36.Kf1 Qh6 37.Qe3 Nf8 38.Qa7 Ng6
39.Qa6 Rc5 40.Qb6 Rc8 41.Qxa5 Nxf4 42.Qxb4 Ng6 43.Qb7 Rc3 44.Ke1 Re3 45.a5 Qg5
46.Kd1 Nf4 47.a6 Nxe2 48.Rxe2 Rxe2 49.Kxe2 Qxg2+ 50.Kd3 Kg7 51.Kc3  1-0

[Event "Vorarlberg-ch qual"]
[Site "Hohenems"]
[Date "1998.03.21"]
[Round "2"]
[White "Grabher, Heinz"]
[Black "Heilinger, Dietmar"]
[Result "1-0"]
[WhiteElo "2191"]
[BlackElo "2081"]

1.e4 g6 2.d4 Bg7 3.Nc3 c6 4.Bc4 d6 5.Qe2 e6 6.Be3 Qe7 7.Nf3 Nd7 8.O-O-O h6
9.h4 e5 10.dxe5 dxe5 11.h5 g5 12.g4 b5 13.Bxb5 cxb5 14.Nxb5 Kf8 15.Nd6 a5
16.Qc4 Ba6 17.Qc6  1-0

[Event "Vecernjakov GP"]
[Site "Sarajevo"]
[Date "1998.03.31"]
[Round "1"]
[White "Mohr, Georg"]
[Black "Nurkic, Sahbaz"]
[Result "1/2-1/2"]
[WhiteElo "2455"]
[BlackElo "2460"]

1.e4 g6 2.d4 Bg7 3.Nc3 c6 4.Bc4 d5 5.exd5 b5 6.Bb3 b4 7.Nce2 cxd5 8.Nf3 Nf6
9.a3 bxa3 10.Rxa3 O-O 11.O-O Nc6 12.Ne5 Bb7 13.Nf4 e6 14.Nxc6 Bxc6 15.c3 a5
16.Nd3 Nd7 17.Re1 Re8 18.Bf4 Qb6 19.Ra2 Bb5 20.Ba4 Rec8 21.Bxb5  1/2-1/2

[Event "Vecernjakov GP"]
[Site "Sarajevo"]
[Date "1998.04.01"]
[Round "2"]
[White "Sax, Gyula"]
[Black "Mohr, Georg"]
[Result "1/2-1/2"]
[WhiteElo "2535"]
[BlackElo "2455"]

1.e4 g6 2.d4 Bg7 3.Nc3 c6 4.h3 d5 5.Nf3 dxe4 6.Nxe4 Nd7 7.Bd3 Ngf6 8.Nxf6+ Nxf6
9.O-O O-O 10.Re1 b6 11.Qe2 e6 12.Bg5 h6 13.Bh4 Bb7 14.Rad1 Qd6 15.Bg3 Qe7
16.Ne5 Rfd8 17.Ba6 b5 18.Bxb7 Qxb7 19.Nd3 Nd7 20.c3 Qb6 21.Qf3 Rac8 22.Bf4 a5
23.Qe3 h5 24.Bh6 Bh8 25.Qg3 Re8 26.Bg5 Bg7 27.Ne5 Qc7 28.Bf4 Nxe5 29.Bxe5 Qe7
30.Bxg7 Kxg7 31.Re5 h4 32.Qg4 Red8 33.Rde1 Rd5 34.f4 Qf6 35.Rg5 Rh8 36.Ree5 a4
37.Qf3 Re8 38.Qf2 Rh8 39.b3 axb3 40.axb3 Qd8 41.Qc2 Qd6 42.f5  1/2-1/2

[Event "Dreifluesse op"]
[Site "Passau"]
[Date "1998.04.10"]
[Round "1"]
[White "Oschetzki, Stefan"]
[Black "Gierlinger, Albert"]
[Result "1-0"]
[WhiteElo "2135"]
[BlackElo "1713"]

1.e4 g6 2.d4 Bg7 3.Nc3 c6 4.Nf3 d5 5.h3 dxe4 6.Nxe4 Nd7 7.c4 Ngf6 8.Nc3 Nb6
9.Be2 O-O 10.O-O Qc7 11.Be3 Bf5 12.Qc1 Rfe8 13.a4 a5 14.Re1 Rad8 15.Bf4 Qc8
16.Ne5 Nbd7 17.Qe3 Nxe5 18.Bxe5 h5 19.d5 cxd5 20.cxd5 Kh7 21.Rac1 Bh6 22.f4 Qd7
23.Bb5 Qc8 24.Bxe8  1-0

[Event "Dreifluesse op"]
[Site "Passau"]
[Date "1998.04.11"]
[Round "4"]
[White "Kucera, Tomas"]
[Black "Roth, Stefan"]
[Result "0-1"]
[WhiteElo "2230"]
[BlackElo "2095"]

1.e4 g6 2.d4 Bg7 3.Nc3 c6 4.Bc4 d6 5.Nf3 Nf6 6.Qe2 O-O 7.e5 Nd5 8.Bd2 Nxc3
9.Bxc3 d5 10.Bd3 Bg4 11.h4 c5 12.dxc5 Nc6 13.h5 d4 14.Bd2 Nxe5 15.hxg6 fxg6
16.Be4 Qc8 17.O-O-O Qxc5 18.Bh6 Bxh6+ 19.Rxh6 Nxf3 20.gxf3 Qg5+ 21.Qd2 Qxd2+
22.Rxd2 Bxf3 23.Bxf3 Rxf3 24.Rxd4 Rxf2 25.Rd7 Kg7 26.Rh1 h5 27.Rxe7+ Rf7
28.Re6 Raf8 29.Kd2 Rf2+ 30.Kd3 R8f3+ 31.Kd4 Rxc2 32.Rg1 Rd2+ 33.Kc4 b5+ 34.Kxb5 Rxb2+
35.Kc4 Rc2+ 36.Kd4 Rd2+ 37.Kc4 Rxa2 38.Rexg6+ Kf7 39.Rg7+ Ke6 40.R1g6+ Rf6
41.Rg5 h4 42.Rh5 a5 43.Kb3 Rh2 44.Rxa5 Rh3+ 45.Kc4 Rf4+ 46.Kb5 Rf5+ 47.Ka6 Rxa5+
48.Kxa5 Rg3 49.Rh7 h3 50.Kb4 Kf5 51.Rf7+ Kg4 52.Rg7+ Kf3 53.Rc7 h2 54.Rc3+ Kg2
55.Rc2+ Kh3 56.Rc1 Rg1 57.Rc3+ Kg4 58.Rc4+ Kf5 59.Rc5+ Ke6  0-1